De quelle nationalité sont ces écrivains ? Carte Quiz - Statistiques

Statistiques générales
  • Ce quiz a été pris 209 fois
  • Le résultat moyen est 13 sur 20
Réponses sur la Carte
Les réponses sont colorées sur une échelle allant du rouge au vert en fonction du pourcentage des utilisateurs qui les ont devinées à leur premier essai. Vous pouvez retrouver ces pourcentages ci-dessous.
 
Statistiques - réponses
Réponse % Correct
Fiodor Dostoïevski
85%
Akiyuki Nosaka
84%
Goethe
78%
Marcel Proust
76%
Miguel de Cervantes
76%
Umberto Eco
75%
Amélie Nothomb
72%
Franz Kafka
71%
Ernest Hemingway
68%
George Orwell
68%
Gabriel García Márquez
65%
Samuel Beckett
63%
Léopold Sédar Senghor
61%
José Saramago
60%
Félix Leclerc
57%
David Lagercrantz
55%
Riad Sattouf
54%
Alain Mabanckou
50%
Amin Maalouf
48%
Chinua Achebe
44%
Aucun quiz correspondant
Distribution des résultats
% des personnes avec chaque résultat
Percentile par nombre de réponses
Votre historique - résultats
Vous n’avez pas pris ce quiz